000 00642nam a2200181Ia 4500
008 090123s9999 xx 000 0 und d
082 _b15604
100 _aतेंडुलकर प्रिया
245 _aज्याचा त्याचा प्रश्न
250 _a1
260 _bडिंपल प्रकाशन
300 _a171
600 _aतेंडुलकर प्रिया
630 _aज्याचा त्याचा प्रश्न
700 _aतेंडुलकर प्रिया
730 _aज्याचा त्याचा प्रश्न
942 _cBOOK
999 _c53665
_d53665